[Event "Regionalliga NO 9596"]
[Site "Bayern"]
[Date "1996.??.??"]
[Round "?"]
[White "Thiele, Heinz"]
[Black "Ott, Emil"]
[Result "1/2-1/2"]
[WhiteElo "2010"]
[BlackElo "1890"]
[PlyCount "39"]
[EventDate "1995.10.??"]
[EventType "team-tourn"]
[EventRounds "9"]
[EventCountry "GER"]
[SourceTitle "EXT 1999"]
[Source "ChessBase"]
[SourceDate "1998.11.16"]
[SourceVersion "1"]
[SourceVersionDate "1998.11.16"]
[SourceQuality "1"]
[WhiteTeam "Fuerth SF"]
[BlackTeam "Kelheim II"]
[WhiteTeamCountry "GER"]
[BlackTeamCountry "GER"]

1. d4 d5 2. c4 c6 3. Nf3 Nf6 4. Nc3 e6 5. Bg5 Be7 6. Qc2 b6 7. cxd5 cxd5 8. e3 0-0 9. Bd3 h6 10. Bh4 Ba6 11. 0-0 Bxd3 12. Qxd3 Nc6 13. a3 Rc8 14. b4 Ne8 15. Bxe7 Qxe7 16. Rac1 Qb7 17. e4 dxe4 18. Nxe4 Rd8 19. Qe3 Nd6 20. Ng3 1/2-1/2